Fábulas de Esopo (Registo nº 3732)
[ vista simples ]
| 000 -Etiqueta do registo | |
|---|---|
| Cabeçalho | 00873nam a2200301 4500 |
| 005 - Identificador da versão | |
| Campo de controlo | 20240813122041.0 |
| 010 ## - Número internacional normalizado dos livros (ISBN) | |
| Número (ISBN) | 9895571577 |
| 021 ## - Número do Depósito Legal | |
| Código do país | PT |
| Número | 216276/04 |
| 100 ## - Dados gerais de processamento | |
| Dados gerais de processamento | 20190312d2004 c y0pory5003 ba |
| 102 ## - Pais de publicação ou produção | |
| País de publicação | Portugal |
| 101 0# - Língua de publicação | |
| Língua do texto, banda sonora, etc. | Português |
| 215 ## - Descrição física | |
| Indicação específica da natureza do documento e extensão da espécie | 173 p. |
| Outras indicações físicas | il. color |
| 200 1# - Titulo e menção de responsabilidade | |
| Título próprio | Fábulas de Esopo |
| Primeira menção de responsabilidade | recontadas por António Mota |
| Outras menções de responsabilidade | il. Pedro Pires |
| 205 ## - Menção da edição | |
| Menção da edição | 1ª ed |
| 210 ## - Publicação, Distribuição, etc. | |
| Lugar da edição, distribuição, etc. | Vila Nova de Gaia |
| Nome do editor, distribuidor, etc. | Gailivro |
| Data da publicação, distribuição, etc. | 2004 |
| 300 ## - Notas gerais | |
| Texto da nota | Metas Curriculares |
| Texto da nota | PNL |
| 606 ## - Nome comum usado como assunto | |
| Número de registo de entrada de autoridade | 0001913 |
| Palavra de ordem | Literatura portuguesa |
| Subdivisão de assunto | Fábulas |
| Código do sistema | CA |
| 675 ## - Classificação Decimal Universal (CDU) | |
| Notação | 398.2 |
| Edição | 3ª ed. |
| Língua da edição | por |
| Notação | 821.134.3-342 |
| Edição | 3ª ed. |
| Língua da edição | por |
| 702 #1 - Nome de autor-pessoa física (responsabilidade secundária) | |
| Número de registo de entrada de autoridade | 0000068 |
| Palavra de ordem | Mota |
| Outra parte do nome não tomada para palavra de ordem | António |
| Datas | 1957- |
| Código de função | Adaptador |
| Número de registo de entrada de autoridade | 0000024 |
| Palavra de ordem | Pires |
| Outra parte do nome não tomada para palavra de ordem | Pedro |
| Código de função | Ilustrador / Técnico de desenho computorizado |
| 700 #0 - Nome de autor-pessoa física (responsabilidade principal) | |
| Número de registo de entrada de autoridade | 0002083 |
| Palavra de ordem | Esopo |
| Datas | 620 a.C.-564 a.C. |
| 942 ## - Elementos de entrada adicionados (Koha) | |
| Tipo de item no Koha | Livro |
| Situação do levantamento | Origin of item (home branch) (coded) | Biblioteca de empréstimo | Código de barras | Cota | Data de devolução | Circulation type (not for loan) | Tipo de documento | Nota do exemplar | Damaged status |
|---|---|---|---|---|---|---|---|---|---|
| Biblioteca Escolar das Vendas | Biblioteca Escolar das Vendas | BEV1008 | 8POR MOT MET PNL | Livro | Sem mensagem |
